000 00212 a2200097 4500
001 26415
100 _aKnigat E.F
245 _aWhere three empies meet
260 _a
_bIndus publication
_c
090 _c17752
_d17752
942 _aNUST-CAE
_cM
_c8616
999 _c261488
_d261488